| 000 | 00880cam a22002655a 4500 | ||
|---|---|---|---|
| 001 | 016056723 | ||
| 003 | OSt | ||
| 005 | 20151210151007.0 | ||
| 008 | 121127s2013 enka b 001 0 eng d | ||
| 020 | _a9780132975209 (pbk.) | ||
| 020 | _a0132975203 (pbk.) | ||
| 040 |
_aIiNdDKA _beng _cIiNdDKA _dEG-ScBUE |
||
| 082 | 0 | 4 |
_a658.322 _222 _bMAR |
| 100 | 1 |
_aMartocchio, Joseph J. _938900 |
|
| 245 | 1 | 0 |
_aStrategic compensation : _ba human resource management approach / _cJoseph J. Martocchio. |
| 250 | _a7th ed., International ed. | ||
| 260 |
_aUpper Saddle River : _bPearson Education, _cc.2013. |
||
| 300 |
_axv, 392 p. : _bill. ; _c26 cm. |
||
| 500 | _aGlossary : p. 368-383. | ||
| 504 | _aIncludes bibliographical references and indexes. | ||
| 650 | 7 |
_aCompensation management. _2BUEsh _936364 |
|
| 651 | _2BUEsh | ||
| 653 |
_bBUSADM _cAugust2015 _cDecember2015 |
||
| 942 | _2ddc | ||
| 999 |
_c20601 _d20573 |
||